Dissertazione V (Sin portada) (Record no. 8762)

MARC details
000 -CABECERA
campo de control de longitud fija 00458nam a2200169 a 4500
001 - NÚMERO DE CONTROL
campo de control BRCA_9114
005 - FECHA Y HORA DE LA ÚLTIMA TRANSACCIÓN
campo de control 20190320210527.0
008 - DATOS DE LONGITUD FIJA--INFORMACIÓN GENERAL
campo de control de longitud fija 051017s--------it-#######---#000-0#lat-#
041 ## - CÓDIGO DE LENGUA
Código de lengua del texto/banda sonora o título independiente lat
084 ## - OTRO NÚMERO DE CLASIFICACIÓN
Número de clasificación BE79
Número de documento/Ítem .D57
100 1# - ENTRADA PRINCIPAL--NOMBRE DE PERSONA
Nombre de persona N/A
9 (RLIN) 21678
245 10 - MENCIÓN DE TÍTULO
Título Dissertazione V (Sin portada)
300 ## - DESCRIPCIÓN FÍSICA
Extensión 304 p.
Dimensiones 19.5 x 13 cm
500 ## - NOTA GENERAL
Nota general Estado físico: presenta encuadernación en pergamino con presencia del pez de plata
902 ## - CATALOGADOR
Iniciales CFM
942 ## - ELEMENTOS DE PUNTO DE ACCESO ADICIONAL (KOHA)
Fuente del sistema de clasificación o colocación Library of Congress Classification
Tipo de ítem Koha Libros
Holdings
Estado de retiro Estado de pérdida Estado dañado No para préstamo Localización permanente Ubicación/localización actual Fecha de adquisición Total de préstamos Signatura topográfica completa Código de barras Fecha visto por última vez Precio válido a partir de Tipo de ítem Koha
El ejemplar forma parte de la colección y puede ser consultado según las políticas vigentes.       Biblioteca del Museo Franz Mayer (Rogerio Casas-Alatriste) Biblioteca del Museo Franz Mayer (Rogerio Casas-Alatriste) 05/10/2017   BE79 .D57 CFM00464 22/03/2019 22/03/2019 Libros